| 000 | 00652nam a22001937a 4500 | ||
|---|---|---|---|
| 005 | 20151103101935.0 | ||
| 010 | _aENG-113727 | ||
| 020 |
_a9789383946099 _c285.00 |
||
| 035 | _aEN- 97259 | ||
| 037 | _bDBAD/PUB | ||
| 082 | _a330.03 | ||
| 245 |
_aNucleus economics terminology : _cedited & compiled by R.M. Rai [and] Rachna Shukla _benhance your subjective word power / |
||
| 260 |
_aGreater Noida _bNucieus Books & Encyclopedia _c2015 |
||
| 270 |
_aOffice Add. 2nd Floor, B-31, Packet P3 _bGreater Noida _e201308 |
||
| 300 |
_a232p. _c21cm(pbk) |
||
| 700 | _aRai, R.M. | ||
| 700 | _aShukla, Rachna | ||
| 942 |
_2ddc _cEN _mNUC _h330.03 |
||
| 999 |
_c95328 _d95328 |
||